El arte de tener razón: expuesto en 38 estratagemas

محفوظ في:
التفاصيل البيبلوغرافية
المؤلف الرئيسي: Schopenhauer, Arthur (مؤلف)
التنسيق: كتاب
اللغة:الإسبانية
منشور في: Buenos Aires Quadrata 2005
الطبعة:1a. ed
الموضوعات:
الوسوم: إضافة وسم
لا توجد وسوم, كن أول من يضع وسما على هذه التسجيلة!

MARC

LEADER 00000cam a2200000 a 4500
001 UCD6337
003 CL-VaPUC
008 161201e20050000ag |||||||||||||||||spa|d
020 |a 987113956X 
082 0 4 |a 128.33  |b SCH  |2 21 
100 0 |a Schopenhauer, Arthur  |e author  |9 265694 
245 1 3 |a El arte de tener razón: expuesto en 38 estratagemas 
250 |a 1a. ed 
300 |a 94 p 
942 |c BK 
945 |d 20161201 17:35:00  |a dcastane 
260 |a Buenos Aires  |b Quadrata  |c 2005 
650 0 |a Antropología filosófica  |9 265842 
650 0 |a Naturaleza humana   |9 308593 
650 0 |a Razón   |9 314475 
650 0 |a Análisis del discurso  |9 256696 
650 0 |a Debates   |9 326232 
583 |a last modification  |c 20161201 17:35:00  |k Rodrigo Vera 
999 |c 366692  |d 366690 
952 |0 0  |1 0  |3 erb  |4 0  |6 128_330000000000000_SCH_2005  |7 0  |8 A  |9 481158  |a BIBHIS  |b BIBHIS  |i 535420K  |o 128.33 SCH 2005  |p 535420K  |r 2025-01-20  |w 2019-11-24  |y BK  |z Catalogado en:20161201  |k HIS